000 01233nab a22002177a 4500
999 _c5906
_d5906
003 OSt
005 20260110012014.0
008 190605e xxu||||| |||| 00| 0 spa d
040 _cPJ
100 _95708
_aGarcía, Nadia
245 1 3 _aLa movilidad jubilatoria a 30 años de la sanción de la ley 24.241 :
_buna historia tristemente repetida /
_cNadia García.
260 _aCiudad Autónoma de Buenos Aires :
_bThomson Reuters La Ley,
_c2023.
300 _ap. 28-35
500 _aCita: TR LALEY AR/DOC/2568/2023.
505 _aSumario: I. Introducción.— II. La movilidad en la ley 24.241: el Aporte Medio Previsional Obligatorio (AMPO).— III. Módulo Previsional (MOPRE).— IV. Ley 24.463: la movilidad que no fue.— V. La movilidad en la sucesión normativa: leyes 26.417, 27.426 y 27.541.— VI. La movilidad en la ley 27.609.— VII. Conclusiones.— VIII. Bibliografía.
505 _t¿Te interesa el texto completo? Solicitalo al correo: koha@justierradelfuego.gov.ar
650 0 _91395
_aSEGURIDAD SOCIAL
650 0 _92154
_aJUBILACIONES
773 0 _02711
_93168
_dCiudad Autónoma de Buenos Aires : Thomson Reuters La Ley, 1999-2002.
_tRevista de derecho del trabajo. Nº 6 - Noviembre 2023
942 _2udc
_cANA